000 00739nam a22001697a 4500
005 20250205204826.0
008 240827b ||||| |||| 00| 0 eng d
082 _aDPer 155.205 J826 July-September 2019 v. 117 n. 1-3
100 _aRogers, Katherine H.
_eauthor.
_959094
245 _aReassessing the good judge of personality /
_cKatherine H. Rogers, and Jeremy C. Biesanz.
260 _aWashington ;
_bAmerican Psychological Association,
_cJuly 2019.
300 _avolume 117, pages 186-200,
_billustration.
500 _aJournal of Personality and Social Psychology vol. 117, no. 1, pages 186-200, July 2019.
700 _aRogers, Katherine H.
_eauthor.
_959094
700 _aBiesanz, Jeremy C.
_eauthor.
_959095
942 _2ddc
_cPER
999 _c20939
_d20939